Sanat - "Viikonpäivät" - Statistics

Yleistilastot
  • Tätä visaa on pelattu 9 kertaa
  • Keskiarvotulos 80 / 104
Vastaustilastot
Vastaus % Oikein
Maanantaina
100%
oli
100%
on
100%
Tiistaina
100%
Torstaina
100%
eilinen
88%
iloinen
88%
jo
88%
mamma
88%
mansikoita
88%
meni
88%
nyt
88%
ostamaan
88%
päivä
88%
se
88%
Lauantaina
75%
Perjantaina
75%
Sunnuntaina
75%
vaan
75%
soi
63%
antaa
50%
lapsilleen
50%
talitintti
50%
torvisoitto
50%
kaupungista
38%
kaupunkiin
38%
kesäkuussa
38%
keskipäivä
38%
Keskiviikon
38%
kukoistaa
38%
naapuriin
38%
susiäiti
38%
suukon
38%
teetä
38%
teidän
38%
toi
38%
laulattaa
25%
leijonia
25%
lounasaikaan
25%
pensaaseen
25%
piiloon
25%
pikkulintu
25%
Ehtoja vastaavia visoja ei löytynyt
Tulosjakauma
Jokaisen tuloksen saaneiden osuus
Persentiili vastausten määrän mukaan
Tuloshistoriasi
Et ole pelannut tätä visaa